01830nab a22003017a 4500999001500000003000400015005001700019008004100036040000700077100003700084245017500121260007300296300001300369500002700382505044500409505016700854505008201021650002301103650003101126650003501157650002501192650003901217650004601256650002301302650003501325773015501360942001301515 c5538d5538OSt20251215150456.0190429b xxu||||| |||| 00| 0 spa d cPJ 96519aBorzi Cirilli, Federico A.10aJuicios por la verdad histórica :bel dilema entre la tutela judicial de la víctima y la irretroactividad de la ley penal más gravosa /cFederico A. Borzi Cirilli. cCiudad Autónoma de Buenos Aires :aThomson Reuters La Ley, b2025. ap. 90-99 aCita: AR/DOC/183/2025. aSumario: I. Presentación del fallo.— II. Origen de la doctrina: la investigación de los delitos de lesa humanidad cometidos durante la última dictadura militar.— III. El sistema de prescripción de la acción penal y sus reformas.— IV. Los juicios por la verdad en la actualidad. El fallo comentado.— V. La redefinición del rol de la víctima. El surgimiento de responsabilidad estatal.— VI. Síntesis y conclusiones.  tFallo comentado: Juzgado de Garantías Nro. 2 de Azul ~ 18/04/2024 ~ ..., J. C. s/ abuso sexual gravemente ultrajante y abuso sexual con acceso carnal agravado. tSi te interesa el texto completo, solicitalo a koha@justierradelfuego.gov.ar  09343aDERECHO PENAL 093047aVÍCTIMA DEL DELITO 094958aRETROACTIVIDAD DE LA LEY 092678aACCIÓN PENAL 094057aEXTINCION DE LA ACCION PENAL 093902aPRESCRIPCIÓN DE LA ACCIÓN PENAL 092903aABUSO SEXUAL 093637aTUTELA JUDICIAL EFECTIVA0 0265893164tRevista de derecho penal y criminología. Nº 2 - Marzo 2025dCiudad Autónoma de Buenos Aires : Thomson Reuters La Ley, 2017-x00347914 2udccANA